Note on remains of the Roman Limes in north-western 'Iraq

Elmentve itt :
Bibliográfiai részletek
Szerző: Stein Aurél
Dokumentumtípus: Cikk
Megjelent: [Royal Geographical Society] [London] 1938
Sorozat:The Geographical Journal
Kulcsszavak:Keletkutatás - magyar, Régészet - leletek - Irak
Tárgyszavak:
Online Access:http://misc.bibl.u-szeged.hu/61335
LEADER 00825nab a2200229 i 4500
001 misc61335
005 20240923142825.0
008 240227s1938 hu o 000 eng d
040 |a SZTE Miscellanea Repozitórium  |b hun 
041 |a eng 
100 1 |a Stein Aurél 
245 1 0 |a Note on remains of the Roman Limes in north-western 'Iraq  |h [elektronikus dokumentum] /  |c  Stein Aurél 
260 |a [Royal Geographical Society]  |b [London]  |c 1938 
300 |a 62-66  |c 25 cm 
300 |a [5] p.  |c 25 cm 
490 0 |a The Geographical Journal 
561 |a Németh Gyula hagyaték 
591 |a NOV 5784 
650 4 |a Bölcsészettudományok 
650 4 |a Történettudomány és régészet 
695 |a Keletkutatás - magyar, Régészet - leletek - Irak 
856 4 0 |u http://misc.bibl.u-szeged.hu/61335/1/5784_nov.pdf  |z Dokumentum-elérés